01493 2200193 4500001002100000005001500021035002000036245007800056100001900134250003100153300003200184260003400216082001100250084001700261020002200278650001700300520095500317500002701272INLIS00000000000008520240502074924 a0010-05240000071 aBilal bin Rabah :bSebagai Lambang Kebesaran Umat Islam /cSetiawan Islam0 aSetiawan Islam acetakan ke-1, edisi revisi avi, 58 hlm :bilus ;c25 cm aBandung :bTitian Ilmu,c2007 a297.63 a297.63 SET b a978-979-901-298-2 4aSahabat Nabi aKekejaman dan kekejian bangsa Quarisy terhadap orang-orang Islam yang telah mengikrarkan syahadat, sangatlah tidak berperikemanusian. Tindakan ini pula yang kerapkali mendera sahabat Bilal bin Rabah, seorang budak suku Habsyi. Puncak penyiksaan terhadap Bilal oleh kaum kafir Quraish adalah tatkala ia ditindih batu besar di tengah gurun pasir dan tubuhnya diseret sampai jauh. Tapi, di hati Bilal hanya ada Allah. Dalam masa kenabian, Bilal terkenal sebagai seorang muadzin yang mengumandangkan azan setiap tiba waktu shalat. Selain tentang Bilal, dalam buku ini dikupas pula tentang masuk Islamnya Abu Bakar dan Raja Habib bin Malik, berkobarnya Perang Badar, serta mukjizat Nabi membelah bulan. Buku ini secara lengkap mengisahkan pula tenang Bilal yang terlahir sebagai budak, masa pembebasan Bilal dari perbudakan, kehidupan Bilal di masa Raja Habib bin Malik, keterlibatan Bilal dalam Perang Badar, sampai wafatnya Bilal menghadap Allah SWT. aSeri Para Sahabat Nabi